00496nam a2200193 a 4500001001300000003000900013005001700022008004100039020001000080082001500090100002400105245002300129260004200152300000900194500003500203505001000238650003000248700002400278nice12345678IN_TiNIC20260116011333.0050524s1965 lona grp 000 0 eng  ac10000a232.9bPAR aParrinder, Geoffrey aJesus in the Quran aLondonbFaber and Faber Limitedc1965 a178p aincludes index and biblioraphy2 aIndex aJesus Christ in the Quran1 aParrinder, Geoffrey